| 000 | 00524cam a2200205ua 4500 | ||
|---|---|---|---|
| 001 | 11791 | ||
| 005 | 20260515114812.0 | ||
| 008 | 191107n ii |||gr||||Z||||||eng | ||
| 020 | _a8122903096 | ||
| 040 | _cMAIN | ||
| 041 | _aeng | ||
| 082 | _a301 | ||
| 100 |
_aHarry M Johnson, _eAuthor., |
||
| 245 |
_aSociology : _bSystematic introduction / _cBy Harry M Johnson . |
||
| 250 | _a1st rep. | ||
| 260 |
_aDelhi: _bSurjeet publications, _c2007. |
||
| 300 | _a688p. | ||
| 653 | _aSociology & anthropology | ||
| 942 | _cBK | ||
| 999 |
_c10574 _d10574 |
||